Statistics for World's Leading Rice Exporters

Click here to take the quiz!

General Stats

  • This quiz has been taken 108 times
  • The average score is 8 of 15

Answer Stats

Hint Answer % Correct
1.5% of global rice exportsChina
100%
32.1% of global rice exportsIndia
99%
6.9% of global rice exportsVietnam
96%
22.1% of global rice exportsThailand
93%
1.6% of global rice exportsBrazil
77%
8.9% of global rice exportsPakistan
76%
1.1% of global rice exportsCambodia
74%
1.1% of global rice exportsArgentina
52%
1.4% of global rice exportsAustralia
50%
2.8% of global rice exportsItaly
27%
2.1% of global rice exportsUruguay
14%
8.3% of global rice exportsUnited States
13%
1% of global rice exportsGuyana
10%
1.1% of global rice exportsBelgium
3%
0.9% of global rice exportsNetherlands
3%

Score Distribution

Percentile by Number Answered

Percent of People with Each Score

Your Score History

You have not taken this quiz